00906nam a22002657a 450000500170000000800410001701000100005801100100006803500100007808200230008810000290011124500470014026000450018730000110023250000720024359000410031559000410035659000410039759000420043865000360048065000400051690100070055694900600056399900170062320220329141121.0971010s1989 r 00010 d a62859 a63831 a68334 a636.0896bC6y 198600aColes, Ernbert H.925128 aDiagnóstico y patología en veterinaria aMéxico, D. F. :bInteramericana,c1989 a496 p. aTrad. de : Veterinary Clinical pathology, 4 ed. en inglés de 1986 aBATCH-UPDb10c20130110lUCH01h0825 aBATCH-UPDb10c20130410lUCH01h0503 aBATCH-UPDb10c20130914lUCH01h1904 aCONVERSIONb10c20130109lUCH01h133414aPatología veterinaria.98619414aVeterinariaxDiagnóstico.9118992 aBK a636.0896 C6y 1986bZcLIBROd-447eLIBROh622i68334si c62859d62859